[Event "HUN-chT2 Breyer 0809"]
[Site "Hungary"]
[Date "2009.01.25"]
[Round "6"]
[White "Repasi, Zoltan"]
[Black "Forgacs, Attila"]
[Result "0-1"]
[WhiteElo "2186"]
[BlackElo "2209"]
[PlyCount "122"]
[EventDate "2008.10.26"]
[EventType "team-tourn"]
[EventRounds "11"]
[EventCountry "HUN"]
[SourceTitle "EXT 2010"]
[Source "ChessBase"]
[SourceDate "2010.11.25"]
[SourceVersion "1"]
[SourceVersionDate "2010.11.25"]
[SourceQuality "1"]
[WhiteTeam "Dunaharaszti II"]
[BlackTeam "Balatonfuered"]
[WhiteTeamCountry "HUN"]
[BlackTeamCountry "HUN"]

1. e4 c5 2. Nf3 d6 3. d4 cxd4 4. Nxd4 Nf6 5. Nc3 a6 6. Bg5 e6 7. f4 Nc6 8. Nxc6 bxc6 9. e5 h6 10. Bh4 g5 11. fxg5 Nd5 12. Nxd5 exd5 13. exd6 Qxd6 14. Qd4 Qb4+ 15. Qxb4 Bxb4+ 16. c3 Be7 17. Bd3 hxg5 18. Bg3 Be6 19. Rf1 Kd7 20. 0-0-0 Bd6 21. Bxd6 Kxd6 22. h3 a5 23. Rf2 Rag8 24. Bf5 Rh4 25. Rdf1 Rf4 26. Bc2 Rxf2 27. Rxf2 c5 28. Bf5 Ke5 29. Bxe6 fxe6 30. Re2+ Kd6 31. Rf2 Rg6 32. Rf7 d4 33. Kd2 g4 34. h4 g3 35. cxd4 cxd4 36. Kd3 Rg4 37. h5 Rh4 38. Rh7 e5 39. h6 Rh2 40. Ra7 Rxg2 41. Ra6+ Ke7 42. Rxa5 Kf6 43. Ra6+ Kf5 44. Ra8 Rh2 45. Rf8+ Ke6 46. Re8+ Kf6 47. Rg8 Rxh6 48. Rxg3 Rh2 49. Ke4 Rxb2 50. Ra3 Re2+ 51. Kf3 Rh2 52. Ra8 Rh3+ 53. Kg4 Re3 54. Ra6+ Ke7 55. Kf5 d3 56. Ra7+ Kd6 57. Ra8 Kc5 58. a4 d2 59. Rd8 Re2 60. a5 Kb5 61. Rd5+ Ka6 0-1